000
00325nam a2200133Ia 4500
008
150301s2015 xx 000 0 und d
082
_a
615
_b
P14K
100
_a
KAMALA KANNAN P.
245
_a
TB OF PHARMACOLOGY FOR NUR AND ALLED HESLTH
260
_b
CBS- DELHI
300
_a
283
650
_a
PHARMACOLOGY
942
_2
ddc
_c
BK
999
_c
7232
_d
7232